000 00591cam a22002171 4500
001 sa 66000519
003 DLC
005 20260227112215.0
008 960912s1953 pk 000 0 pusr
010 _asa 66000519
025 _aPL480:P-Pushto-52
035 _a(OCoLC)35527480
040 _aDLC
_cCLU
_dCLU
_dDLC
042 _apremarc
050 0 0 _aPK6820.R3
_bN3
100 1 _aRasa, Mian Sayed Rasul.
245 0 0 _aNạway trang.
_cSayyid Rasūl Rasā.
260 _a[Piṣhāwar,
_bYūnīwạrsaṭī Buk Ejạnsī,
_cpref. 1953]
300 _a16, 176 p.
_c18 cm.
500 _aPoems.
999 _c67298
_d67298